| 000 | 01516nam a2200325Ia 4500 | ||
|---|---|---|---|
| 001 | ebr10229736 | ||
| 003 | CaPaEBR | ||
| 006 | m u | ||
| 007 | cr cn||||||||| | ||
| 008 | 830623s2008 enkac sb 000 0 eng d | ||
| 020 | _z9781846637643 | ||
| 040 |
_aCaPaEBR _cCaPaEBR |
||
| 035 | _a(OCoLC)646747695 | ||
| 050 | 1 | 4 |
_aTK1.A1 _bC6522 2008eb |
| 245 | 0 | 0 |
_aCOMPEL _h[electronic resource] : _bthe international journal of computation and mathematics in electrical and electronic engineering. _nVolume 27, Number 2 / _cGuest editors: Professor Sergio Lupi, Professor Febrizio Dughiero and Professor Egbert Baake. |
| 260 |
_a[Bradford, England] : _bEmerald, _c2008. |
||
| 300 |
_ap. 332-566 : _bill., ports. |
||
| 490 | 0 |
_aCOMPEL ; _vv. 27, no. 2 |
|
| 500 | _a"This issue has a special section containing Selected papers from the International Conference on Heating by Electromagnetic sources." | ||
| 504 | _aIncludes bibliographical references. | ||
| 533 |
_aElectronic reproduction. _bPalo Alto, Calif. : _cebrary, _d2009. _nAvailable via World Wide Web. _nAccess may be limited to ebrary affiliated libraries. |
||
| 650 | 0 |
_aElectrical engineering _xMathematics. |
|
| 650 | 0 |
_aElectronics _xMathematics. |
|
| 655 | 7 |
_aElectronic books. _2local |
|
| 700 | 1 | _aLupi, Sergio. | |
| 700 | 1 | _aDughiero, Febrizio. | |
| 700 | 1 | _aBaake, Egbert. | |
| 710 | 2 | _aebrary, Inc. | |
| 856 | 4 | 0 |
_uhttp://site.ebrary.com/lib/rucke/Doc?id=10229736 _zAn electronic book accessible through the World Wide Web; click to view |
| 999 |
_c153266 _d153266 |
||